Textbook of vertebrate embryology

שמור ב:
מידע ביבליוגרפי
מחבר ראשי: Majumdar
פורמט: ספר
שפה:Undetermined
יצא לאור: New Delhi Tata McGraw-Hill 1985
נושאים:
תגים: הוספת תג
אין תגיות, היה/י הראשונ/ה לתייג את הרשומה!
Thư viện lưu trữ: Trung tâm Học liệu Trường Đại học Cần Thơ
LEADER 00465nam a2200181Ia 4500
001 CTU_9054
008 210402s9999 xx 000 0 und d
082 |a 591.3307 
082 |b M234 
100 |a Majumdar 
245 0 |a Textbook of vertebrate embryology 
245 0 |c Majumdar 
260 |a New Delhi 
260 |b Tata McGraw-Hill 
260 |c 1985 
650 |a embryology 
904 |i Minh, 960924 
980 |a Trung tâm Học liệu Trường Đại học Cần Thơ